000 00548nam a2200217Ia 4500
003 OSt
005 20220928144551.0
006 a|||||r|||| 00| 0
007 ta
008 220927b |||||||| |||| 00| 0 eng d
024 _a72043
037 _cTextual
040 _aSDCL
_cSDCL
_beng
041 _2eng
_aeng
082 _aO-,1M091:g, G3
100 _aCampbell Killis
_9508376
245 0 _aMind of Poe and other studies.
260 _c1933
942 _hO-,1M091:g, G3
_cTEXL
_2CC
999 _c828105
_d828105